[Event "CZE-chTW U20 0910"]
[Site "Czech Republic"]
[Date "2010.01.23"]
[Round "7.5"]
[White "Krist, Jan"]
[Black "Kejhova, Lenka"]
[Result "1-0"]
[WhiteElo "1483"]
[BlackElo "1569"]
[PlyCount "93"]
[EventDate "2009.10.03"]
[EventType "team-tourn"]
[EventRounds "7"]
[EventCountry "CZE"]
[SourceTitle "EXT 2011"]
[Source "ChessBase"]
[SourceDate "2010.11.26"]
[SourceVersion "1"]
[SourceVersionDate "2010.11.26"]
[SourceQuality "1"]
[WhiteTeam "Most (U20)"]
[BlackTeam "Plzen (U20)"]
[WhiteTeamCountry "CZE"]
[BlackTeamCountry "CZE"]

1. e4 e5 2. Nf3 Nc6 3. d4 exd4 4. Nxd4 Bc5 5. Nxc6 bxc6 6. Bc4 d6 7. c3 Nf6 8. Nd2 d5 9. exd5 cxd5 10. Bb5+ Bd7 11. Bxd7+ Qxd7 12. Nb3 Qe7+ 13. Qe2 Qxe2+ 14. Kxe2 Bb6 15. f3 0-0 16. Bg5 Rfe8+ 17. Kd3 Nd7 18. Bf4 Ne5+ 19. Bxe5 Rxe5 20. Rhe1 Rae8 21. Rxe5 Rxe5 22. Kd2 f6 23. Re1 Rg5 24. Re2 Rh5 25. h3 Re5 26. Rxe5 fxe5 27. Kd3 Kf7 28. c4 c6 29. Nd2 Kg6 30. b4 a6 31. a4 Bc7 32. Nb3 Bd6 33. cxd5 cxd5 34. Nc5 a5 35. Kc3 Kf5 36. Na6 axb4+ 37. Nxb4 d4+ 38. Kc4 Bxb4 39. Kxb4 Ke6 40. a5 Kd6 41. Kc4 Kc6 42. f4 exf4 43. Kxd4 Kb5 44. Ke5 g5 45. Kf6 Kxa5 46. Kg7 Kb5 47. Kxh7 1-0